<?xml version="1.0" encoding="UTF-8"?><?xml-stylesheet type="text/xsl" href="static/style.xsl"?><OAI-PMH xmlns="http://www.openarchives.org/OAI/2.0/" xmlns:xsi="http://www.w3.org/2001/XMLSchema-instance" xsi:schemaLocation="http://www.openarchives.org/OAI/2.0/ http://www.openarchives.org/OAI/2.0/OAI-PMH.xsd"><responseDate>2026-04-18T19:56:47Z</responseDate><request verb="GetRecord" identifier="oai:riubu.ubu.es:10259/6040" metadataPrefix="marc">https://riubu.ubu.es/oai/request</request><GetRecord><record><header><identifier>oai:riubu.ubu.es:10259/6040</identifier><datestamp>2021-11-02T12:24:01Z</datestamp><setSpec>com_10259.4_103</setSpec><setSpec>com_10259.4_1</setSpec><setSpec>com_10259_2604</setSpec><setSpec>col_10259_6036</setSpec></header><metadata><record xmlns="http://www.loc.gov/MARC21/slim" xmlns:doc="http://www.lyncode.com/xoai" xmlns:xsi="http://www.w3.org/2001/XMLSchema-instance" xmlns:dcterms="http://purl.org/dc/terms/" xsi:schemaLocation="http://www.loc.gov/MARC21/slim http://www.loc.gov/standards/marcxml/schema/MARC21slim.xsd">
<leader>00925njm 22002777a 4500</leader>
<datafield tag="042" ind1=" " ind2=" ">
<subfield code="a">dc</subfield>
</datafield>
<datafield tag="720" ind1=" " ind2=" ">
<subfield code="a">Rilova Pérez, Isaac</subfield>
<subfield code="e">author</subfield>
</datafield>
<datafield tag="260" ind1=" " ind2=" ">
<subfield code="c">2014</subfield>
</datafield>
<datafield tag="520" ind1=" " ind2=" ">
<subfield code="a">A finales del siglo XVIII los hospitales de pobres y peregrinos&#xd;
han perdido el protagonismo que tuvieron en tiempos medievales,&#xd;
circunstancia que la Iglesia aprovecha para la instauración de&#xd;
obras pías benéficas como son las de corrección de mujeres delincuentes.&#xd;
De esta manera el renombrado Hospital del Emperador de&#xd;
Burgos, cuyo antiguo esplendor se ha ido amortizando paulatinamente&#xd;
a través de los siglos XVII y XVIII, pasa a convertirse en Casa de&#xd;
Corrección de mujeres, o Casa-Galera, hasta que ya, a mitad del siglo&#xd;
XIX, la administración de justicia del Estado liberal determina su&#xd;
extinción definitiva.</subfield>
</datafield>
<datafield tag="520" ind1=" " ind2=" ">
<subfield code="a">At the end of the 18th century charity and pilgrim hospitals&#xd;
lost the relevance they used to have in medieval times, circumstances&#xd;
that the Church used for the establishment of pious charity instead of those, such as the correction of women offenders. Therefore, the renowned Hospital del Emperador of Burgos, whose former&#xd;
splendor has been amortised gradually through the 17th and 18th&#xd;
centuries, becomes a house of correction for women or Casa-Galera,&#xd;
until halfway through the 19th century when the justice administration&#xd;
of the Liberal State determines its extinction.</subfield>
</datafield>
<datafield tag="024" ind2=" " ind1="8">
<subfield code="a">0211-8998</subfield>
</datafield>
<datafield tag="024" ind2=" " ind1="8">
<subfield code="a">http://hdl.handle.net/10259/6040</subfield>
</datafield>
<datafield ind1=" " ind2=" " tag="653">
<subfield code="a">Edad Moderna</subfield>
</datafield>
<datafield ind1=" " ind2=" " tag="653">
<subfield code="a">Edad Contemporánea</subfield>
</datafield>
<datafield ind1=" " ind2=" " tag="653">
<subfield code="a">Siglos XVII-XIX</subfield>
</datafield>
<datafield ind1=" " ind2=" " tag="653">
<subfield code="a">España</subfield>
</datafield>
<datafield ind1=" " ind2=" " tag="653">
<subfield code="a">Castilla</subfield>
</datafield>
<datafield ind1=" " ind2=" " tag="653">
<subfield code="a">Burgos</subfield>
</datafield>
<datafield ind1=" " ind2=" " tag="653">
<subfield code="a">Hospitales</subfield>
</datafield>
<datafield ind1=" " ind2=" " tag="653">
<subfield code="a">Cárceles</subfield>
</datafield>
<datafield ind1=" " ind2=" " tag="653">
<subfield code="a">Mujer</subfield>
</datafield>
<datafield ind1=" " ind2=" " tag="653">
<subfield code="a">Modern Age</subfield>
</datafield>
<datafield ind1=" " ind2=" " tag="653">
<subfield code="a">Contemporary Age</subfield>
</datafield>
<datafield ind1=" " ind2=" " tag="653">
<subfield code="a">17th-19th century</subfield>
</datafield>
<datafield ind1=" " ind2=" " tag="653">
<subfield code="a">Spain</subfield>
</datafield>
<datafield ind1=" " ind2=" " tag="653">
<subfield code="a">Castile</subfield>
</datafield>
<datafield ind1=" " ind2=" " tag="653">
<subfield code="a">Hospitals</subfield>
</datafield>
<datafield ind1=" " ind2=" " tag="653">
<subfield code="a">Prisons</subfield>
</datafield>
<datafield ind1=" " ind2=" " tag="653">
<subfield code="a">Woman</subfield>
</datafield>
<datafield tag="245" ind1="0" ind2="0">
<subfield code="a">El hospital del Emperador de Burgos: de hospital de pobres y peregrinos a casa de corrección de mujeres (1796-1852)</subfield>
</datafield>
</record></metadata></record></GetRecord></OAI-PMH>